000 00623cam a22001697i 4500
008 120927s2012 gw a b 001 0 eng
020 _a9783527330812 (print)
020 _a352733081X (print)
050 0 0 _aTA404.23
_b.I688
245 0 0 _aIntegrative computational materials engineering :
_bconcepts and applications of a modular simulation platform /
_cedited by Georg J. Schmitz and Ulrich Prahl.
260 _aGermany
_bWiley-Vch
_c2012
300 _axvi, 328 pages :
_billustrations (some color) ;
650 0 _aMaterials
_xComputer simulation.
700 1 _aSchmitz, Georg J.,
700 1 _aPrahl, Ulrich,
942 _cBK
999 _c3549
_d3549